|
|
|
|
| LEADER |
00000nab a2200000ua 4500 |
| 001 |
vtls010787197 |
| 003 |
SK-MaSNL |
| 005 |
20260303120241.0 |
| 008 |
230131s1970 xo |||||||||||||||||slo| |
| 035 |
|
|
|a (urnnbn)urn:nbn:sk:snk:ar-a005iv
|
| 035 |
|
|
|a (uuid)d2f39961-06a8-4538-8285-5a63001864dd
|
| 035 |
|
|
|a urn:nbn:sk:snk-ab50sn
|
| 040 |
|
|
|a SNKBUCL
|b slo
|c SNKBUCL
|e AACR2
|
| 041 |
0 |
|
|a slo
|
| 044 |
|
|
|a xo
|c SK
|
| 100 |
1 |
|
|a Chromý, Gustáv
|4 aut
|9 1132688
|
| 245 |
1 |
0 |
|a VÝMENA MATIEK V JEDNOTLIVÝCH ROČNÝCH OBDOBIACH
|c Gustáv Chromý
|
| 773 |
0 |
|
|t Včelár : odborný časopis Povereníctva poľnohospodárstva a lesného hospodárstva a Ústredia včelárskych združení na Slovensku
|g Roč. 44, č. 7 (1970), s. 153
|
| 954 |
|
|
|a odborná, vedecká literatúra pôvodná (slovenská)
|2 lita
|
| 958 |
|
|
|a OND
|
| 958 |
|
|
|a EUIPO
|
| 958 |
|
|
|a article3
|
| 999 |
|
|
|c 1908417
|d 1910347
|